| 000 | 01640nam a2200313 a 4500 | ||
|---|---|---|---|
| 001 | ASIN0745634567 | ||
| 003 | OSt | ||
| 005 | 20180116192421.0 | ||
| 008 | 140227s2005 xxu eng d | ||
| 020 |
_a0745634567 (paperback) _c$29.95 |
||
| 020 | _a9780745634562 (paperback) | ||
| 040 | _csada | ||
| 050 | 0 | 4 | _aJC323 |
| 082 | 0 | 4 | _a320.12 |
| 100 | 1 |
_aHirst, Paul. _97334 |
|
| 245 | 1 | 0 |
_aSpace and power : _bpolitics, war and architecture / _cPaul Hirst. |
| 250 | _a1st ed. | ||
| 260 |
_a[S.l.] : _bPolity, _c2005. |
||
| 300 |
_a272 p. ; _c23 cm. |
||
| 520 | _aPaul Hirst was one was one of the most original thinkers of his generation. This book is being published post-humously after his tragic death in 2003. Written with verve and lucidity, it is a scholarly account of the various ways in which space is configured by power, and in which space becomes a resource for power. Erudite and exciting, the book combines new and old theory in an imaginative, yet pragmatic, way. It is typical of Hirst's ability to make inspiriational leaps across theoretical and disciplinary boundaries, critically combining insights from social theory, politics, history and geography. This is an important, forward-looking book that will influence academic debate for many years to come. | ||
| 650 | 0 |
_aArchitecture and war _97335 |
|
| 650 | 0 |
_aArchitecture--Political aspects _97336 |
|
| 650 | 0 |
_aBoundaries _97337 |
|
| 650 | 0 |
_aPower (Social sciences) _97338 |
|
| 650 | 0 |
_aSpace (Architecture) _97339 |
|
| 650 | 0 |
_aWar _97340 |
|
| 856 | 4 | 0 |
_3Amazon.com _uhttp://www.amazon.com/exec/obidos/ASIN/0745634567/chopaconline-20 |
| 942 |
_2ddc _cBK |
||
| 999 |
_c353898 _d353898 |
||